000 00494nam a2200181Ia 4500
005 20250326123915.0
008 250326s9999 xx 000 0 und d
037 _aTextbook
040 _aFMSL
_beng
_cFMSL
041 _aeng
_2eng
084 _aSM9'N K1
_qFMSL
100 _aAdler G
_9736354
245 0 _aCurrent trends in analytical psychology
_cAdler G
260 _aLondon
_bLondon, Tavistock
_c1961
300 _a351p
942 _cTB
_hSM9'N K1
999 _c1271419
_d1271419